| 000 | 01205nam0a22003011 4500 | ||
|---|---|---|---|
| 001 | rc\3243838 | ||
| 005 | 20160908154048.0 | ||
| 021 |
_aRU _b[74-31938] |
||
| 035 | _a(NLR Aleph) 007476850 | ||
| 090 |
_a7474188 _c7474188 |
||
| 100 | _a20130115d1974 |||y0rusy50 ca | ||
| 101 | 0 | _arus | |
| 102 | _aRU | ||
| 105 | _aa z |||a| | ||
| 200 | 1 |
_aМальчик в пионерском галстуке _eРассказ _e[Для ст. дошкольного и мл. школьного возраста] _fРис. Л. Селизарова |
|
| 210 |
_aЛенинград _cДет. лит. [Ленингр. отд-ние] _d1974 |
||
| 215 |
_a17 с. _cил. _d28 |
||
| 606 |
_aПионеры (д. л.) _2psbo |
||
| 606 |
_aДети в немецко-фашистском рабстве (д. л.) _2psbo |
||
| 606 |
_aГерманский фашизм (д. л.) _2psbo |
||
| 700 | 1 |
_aХолопов _bГ. К. _gГеоргий Константинович |
|
| 702 | 1 |
_aСелизаров _bЛ. Ф. _f1928-1982 _gЛеонтий Филиппович _3RU\NLR\AUTH\770162562 _4440 |
|
| 801 | 0 |
_aRU _bNLR _gpsbo |
|
| 801 | 1 |
_aRU _bELAR _2rusmarc |
|
| 852 |
_aNLR _j74-8/221 |
||
| 942 | _cBOOK | ||
| 980 | _aNB | ||